NAJPOPULARNIEJSZE RODZAJE TAŃCA TOWARZYSKIEGO - Statystyki

Ogólne statystyki
  • Ten quiz został rozwiązany 43 razy
  • Średni wynik to 4 z 6
Statystyki odpowiedzi
Hint Odpowiedź % Poprawnych
2. WALC
90%
3. SAMBA
85%
1. TANGO
83%
5. RUMBA
75%
4. SALSA
53%
6. CZACZA
38%
Nie znaleziono quizów pasujących do podanych kryteriów
Rozkład punktacji
Procent ludzi z każdym wynikiem
Percentyl według liczby udzielonych odpowiedzi
Twoja historia wyników
Nie rozwiązałeś tego quizu